Statistics for Daily Country Riddle #81

Click here to take the quiz!

General Stats

  • This quiz has been taken 86 times
  • The average score is 15 of 19

Answer Stats

TypeAnswer% Correct
Found LetterA
100%
Found LetterI
100%
Correctly Placed LetterA
93%
Found LetterN
93%
Found LetterA
92%
Found LetterT
90%
Found LetterU
89%
Found LetterL
84%
Correctly Placed LetterA
79%
Found LetterI
78%
Correctly Placed LetterI
74%
Correctly Placed LetterI
73%
Correctly Placed LetterH
64%
Found LetterH
64%
Correctly Placed LetterL
64%
Mystery CountryLithuania
64%
Correctly Placed LetterN
64%
Correctly Placed LetterT
64%
Correctly Placed LetterU
64%

Score Distribution

Percentile by Number Answered

Percent of People with Each Score

Your Score History

You have not taken this quiz